000 00716nam a2200181 i 4500
001 165324
003 ES-MaACL
005 20230906213119.0
008 990712s1898 sp |||| | spa d
100 1 _aSiboni Jiménez, Luis,
_d1841-1926
_9132707
245 1 0 _aPan de compadres para Valbuena y Clarín /
_cLuis Siboni.
260 _aMadrid :
_b[s.n.],
_c1898 (
_fEstab. Tip. de Pedro Ortega)
300 _a112 p. ;
_c21 cm.
530 _aDisponible en formato digital.
852 _aES-MaACL
_jG-13468
_z- Enc. hol., conservando cub. original
_z. - Dedicatoria autógrafa del autor
856 _uhttp://bdh-rd.bne.es/viewer.vm?id=0000192397&page=1
_zBiblioteca Digital Hispánica
999 _c165324
_d165324